[Event "Neubrandenburg-chB"]
[Site "Neubrandenburg"]
[Date "2022.04.09"]
[Round "1"]
[White "Mueller, Rosemarie"]
[Black "Hopp, Peter"]
[Result "0-1"]
[WhiteElo "1319"]
[BlackElo "1841"]
[PlyCount "50"]
[EventDate "2022.04.09"]
[EventType "swiss"]
[EventRounds "7"]
[EventCountry "GER"]
[SourceTitle "CBM 207 Extra"]
[Source "ChessBase"]
[SourceDate "2022.05.31"]
[SourceVersion "1"]
[SourceVersionDate "2022.05.31"]
[SourceQuality "1"]

1. e4 d5 2. e5 c5 3. Nf3 Nc6 4. Nc3 e6 5. d4 cxd4 6. Nxd4 Nxe5 7. Bf4 Bd6 8. Be2 Nf6 9. Bxe5 Bxe5 10. 0-0 Qc7 11. Ncb5 Qb6 12. c3 a6 13. Qa4 Bd7 14. Rad1 0-0 15. f4 axb5 16. Qb3 Bd6 17. Kh1 b4 18. Bd3 Ba4 19. Qxa4 Rxa4 20. Ra1 bxc3 21. bxc3 Rc8 22. Nb5 Bxf4 23. Rfb1 Qe3 24. Bc2 Ng4 25. Re1 Nf2+ 0-1

[Event "Mecklenburg VP LL2 West 2122"]
[Site "Mecklenburg VP"]
[Date "2022.04.03"]
[Round "8.5"]
[White "Moews, Harald"]
[Black "Hopp, Peter"]
[Result "0-1"]
[WhiteElo "1696"]
[BlackElo "1852"]
[PlyCount "94"]
[EventDate "2021.10.24"]
[EventType "team-tourn"]
[EventRounds "9"]
[EventCountry "GER"]
[SourceTitle "EXT 2024"]
[Source "ChessBase"]
[SourceDate "2023.10.10"]
[SourceVersion "1"]
[SourceVersionDate "2023.10.10"]
[SourceQuality "1"]
[WhiteTeam "Schwerin SV Einheit"]
[BlackTeam "Mecklenburger Springer SC"]
[WhiteTeamCountry "GER"]
[BlackTeamCountry "GER"]

1. e4 d5 2. e5 c5 3. f4 Nc6 4. Nf3 e6 5. Be2 Nge7 6. 0-0 Nf5 7. d3 Bd7 8. a3 Be7 9. c3 Qb6 10. Kh1 Rc8 11. Qe1 Bd8 12. g4 Nfe7 13. h4 Na5 14. Bd1 Bc6 15. b4 cxb4 16. axb4 Qb5 17. bxa5 Qxd3 18. Qe2 Qg6 19. Nd4 Qh6 20. h5 g6 21. f5 Qxc1 22. f6 Ng8 23. Ba4 Qg5 24. Nxc6 bxc6 25. Bd1 Nh6 26. Kh2 Bc7 27. Re1 gxh5 28. Qa6 Bxe5+ 29. Kg2 Rc7 30. Ra4 Nxg4 31. Bxg4 hxg4 32. Rb4 Kd7 33. Qe2 Bxf6 34. Rxg4 Qh5 35. Rh1 Qe5 36. Qf2 h5 37. Re1 Qf5 38. Qxf5 exf5 39. Rf4 Rg8+ 40. Kh3 Rg5 41. Rf3 Rb7 42. c4 d4 43. Na3 Rb2 44. a6 Kd6 45. Ref1 Be5 46. Rh1 Rgg2 47. Rxf5 Rh2+ 0-1

[Event "Mecklenburg VP Landesliga West 1920"]
[Site "Mecklenburg VP"]
[Date "2020.01.19"]
[Round "5.6"]
[White "Lotz, Robert"]
[Black "Hopp, Peter"]
[Result "1-0"]
[WhiteElo "1987"]
[BlackElo "1838"]
[PlyCount "165"]
[EventDate "2019.09.29"]
[EventType "team-tourn"]
[EventRounds "9"]
[EventCountry "GER"]
[SourceTitle "EXT 2023"]
[Source "ChessBase"]
[SourceDate "2022.10.05"]
[SourceVersion "1"]
[SourceVersionDate "2022.10.05"]
[SourceQuality "1"]
[WhiteTeam "Waren Malchow"]
[BlackTeam "Mecklenburger Springer SC"]
[WhiteTeamCountry "GER"]
[BlackTeamCountry "GER"]

1. e4 d5 2. exd5 Qxd5 3. Nc3 Qa5 4. b3 Nf6 5. Bb2 c6 6. Nf3 Bf5 7. Be2 e6 8. Nh4 Bg6 9. Nxg6 hxg6 10. Bf3 Nbd7 11. Qe2 Bd6 12. h3 Ne5 13. 0-0-0 0-0-0 14. Kb1 Rh4 15. g3 Rh7 16. Bg2 Ned7 17. Rhe1 Nb6 18. Ne4 Nxe4 19. Qxe4 Nd5 20. c3 Rh5 21. f4 e5 22. g4 f5 23. Qc2 fxg4 24. hxg4 Rh2 25. Bxd5 Qxd5 26. fxe5 Be7 27. c4 Qf3 28. Qxg6 Rhxd2 29. Rxd2 Rxd2 30. Qf5+ Qxf5+ 31. gxf5 Rf2 32. Rg1 Rxf5 33. Rxg7 Bc5 34. a4 Rf1+ 35. Ka2 Rf2 36. Kb1 Rf1+ 37. Kc2 Rf2+ 38. Kc3 Rf3+ 39. Kc2 Rf2+ 40. Kb1 Rf1+ 41. Ka2 Rf2 42. Rg4 Be3 43. Kb1 Rf1+ 44. Kc2 Rf2+ 45. Kd3 Rxb2 46. Kxe3 Rxb3+ 47. Kd4 Kd7 48. Rg7+ Ke6 49. a5 Rb1 50. Rg6+ Kf7 51. Rh6 Kg7 52. Rf6 Re1 53. Rf4 Kg6 54. Rf6+ Kg7 55. Rf3 Rd1+ 56. Kc5 Re1 57. Kd6 Rd1+ 58. Kc7 Ra1 59. e6 Re1 60. Kd7 Rd1+ 61. Ke7 Rd4 62. Rg3+ Kh7 63. Ke8 Rxc4 64. e7 Rd4 65. Rb3 b5 66. axb6 axb6 67. Rxb6 Kg7 68. Rxc6 Rd1 69. Rc2 Rd3 70. Rg2+ Kh7 71. Rf2 Kg7 72. Rg2+ Kh7 73. Kf7 Rf3+ 74. Ke6 Re3+ 75. Kd7 Rd3+ 76. Kc8 Re3 77. Kd7 Rd3+ 78. Ke8 Rd4 79. Re2 Kg7 80. Re6 Rd2 81. Rc6 Rd1 82. Rc7 Ra1 83. Kd8 1-0

[Event "Rostock SSC op 18th"]
[Site "Rostock"]
[Date "2019.08.09"]
[Round "5"]
[White "Raitza, Egon"]
[Black "Hopp, Peter"]
[Result "0-1"]
[WhiteElo "1763"]
[BlackElo "1838"]
[PlyCount "52"]
[EventDate "2019.08.07"]
[EventType "swiss"]
[EventRounds "7"]
[EventCountry "GER"]
[SourceTitle "EXT 2020"]
[Source "ChessBase"]
[SourceDate "2019.10.17"]
[SourceVersion "1"]
[SourceVersionDate "2019.10.17"]
[SourceQuality "1"]

1. d4 d5 2. c4 e6 3. Nc3 Nf6 4. Bg5 Be7 5. e3 c6 6. cxd5 cxd5 7. Bd3 Nc6 8. Rc1 Qb6 9. Nge2 Qxb2 10. Rb1 Qa3 11. 0-0 a6 12. Rb3 Qa5 13. Qb1 h6 14. Bf4 Nh5 15. Rc1 Nb4 16. Be5 Nxd3 17. Qxd3 0-0 18. h3 Qd8 19. Na4 b5 20. Nc5 Bd6 21. Bxd6 Qxd6 22. Rbc3 Nf6 23. f3 Nd7 24. Qb1 Nb6 25. Qb4 Nc4 26. Nxa6 Rxa6 0-1

[Event "Rostock SSC op 17th"]
[Site "Rostock"]
[Date "2018.07.13"]
[Round "5.15"]
[White "Hopp, Peter"]
[Black "Raitza, Egon"]
[Result "1-0"]
[WhiteElo "1744"]
[BlackElo "1524"]
[PlyCount "103"]
[EventDate "2018.07.11"]
[EventType "swiss"]
[EventRounds "7"]
[EventCountry "GER"]
[SourceTitle "EXT 2019"]
[Source "ChessBase"]
[SourceDate "2018.10.10"]
[SourceVersion "1"]
[SourceVersionDate "2018.10.10"]
[SourceQuality "1"]

1. e4 e6 2. d4 d5 3. exd5 exd5 4. Bd3 Bd6 5. Ne2 Bg4 6. c3 Nf6 7. Bg5 Nbd7 8. f3 Be6 9. Qc2 h6 10. Bh4 c6 11. Nd2 Qc7 12. Bg3 0-0-0 13. b4 Rde8 14. 0-0 Bxg3 15. Nxg3 g6 16. Nb3 Nb6 17. Nc5 Qf4 18. Rfe1 Nc4 19. Bxc4 dxc4 20. Qa4 Kb8 21. b5 cxb5 22. Qxb5 Bd5 23. Rab1 Rxe1+ 24. Rxe1 Qd6 25. Rb1 Qc6 26. Qb4 Kc8 27. Nge4 Nxe4 28. Nxe4 Bxe4 29. fxe4 Qxe4 30. Qxc4+ Kb8 31. Rf1 Qe3+ 32. Kh1 f5 33. h3 Rc8 34. Qb4 Qxc3 35. Qd6+ Ka8 36. Qxg6 Qxd4 37. Qxf5 Rd8 38. Qf8 a6 39. Qxh6 Qd3 40. Qf6 Qd4 41. Qxd4 Rxd4 42. Rf2 b5 43. g4 Kb7 44. g5 b4 45. g6 Rd8 46. g7 Rg8 47. Rg2 a5 48. h4 a4 49. h5 b3 50. axb3 axb3 51. h6 Kc6 52. h7 1-0

[Event "Rostock SSC op 17th"]
[Site "Rostock"]
[Date "2018.07.13"]
[Round "4.6"]
[White "Schmidt, Peter"]
[Black "Hopp, Peter"]
[Result "1-0"]
[WhiteElo "2114"]
[BlackElo "1827"]
[PlyCount "61"]
[EventDate "2018.07.11"]
[EventType "swiss"]
[EventRounds "7"]
[EventCountry "GER"]
[SourceTitle "EXT 2019"]
[Source "ChessBase"]
[SourceDate "2018.10.10"]
[SourceVersion "1"]
[SourceVersionDate "2018.10.10"]
[SourceQuality "1"]

1. Nf3 Nf6 2. b3 d5 3. Bb2 e6 4. e3 c5 5. Ne5 Nc6 6. Bb5 Bd7 7. Bxc6 Bxc6 8. f4 Ne4 9. 0-0 Nf6 10. d3 Bd6 11. Nxc6 bxc6 12. Nd2 Qc7 13. Nf3 Rg8 14. Qe2 Nd7 15. Rae1 h6 16. Kh1 0-0-0 17. g3 g5 18. Ne5 Nxe5 19. fxe5 Bxe5 20. Bxe5 Qxe5 21. Rxf7 Rd7 22. Qh5 Rg7 23. Rf8+ Rd8 24. Ref1 Rgd7 25. Rxd8+ Rxd8 26. Qf7 Rd7 27. Qe8+ Kc7 28. Rf8 Kd6 29. Qb8+ Rc7 30. Rf7 Qxe3 31. Qxc7# 1-0

[Event "Rostock SSC op 16th"]
[Site "Rostock"]
[Date "2017.07.26"]
[Round "1"]
[White "Tovmasyan, Minas"]
[Black "Hopp, Peter"]
[Result "0-1"]
[WhiteElo "1286"]
[BlackElo "1813"]
[PlyCount "74"]
[EventDate "2017.07.26"]
[EventType "swiss"]
[EventRounds "7"]
[EventCountry "GER"]
[SourceTitle "EXT 2018"]
[Source "ChessBase"]
[SourceDate "2017.10.13"]
[SourceVersion "1"]
[SourceVersionDate "2017.10.13"]
[SourceQuality "1"]

1. d4 d5 2. c4 e6 3. Nc3 Nf6 4. Bf4 Bd6 5. e3 Bxf4 6. exf4 c6 7. cxd5 cxd5 8. Nf3 0-0 9. g3 b6 10. Bg2 Ba6 11. Ne2 Nc6 12. a3 Rc8 13. 0-0 Qd6 14. Ne5 Bxe2 15. Qxe2 Nxd4 16. Qd3 Nc6 17. Rfe1 Rc7 18. Rac1 Rfc8 19. Rc3 Nd7 20. Nxd7 Qxd7 21. Rec1 Ne7 22. b4 Rxc3 23. Rxc3 Rxc3 24. Qxc3 Qc6 25. Qe3 Nf5 26. Qd2 Qc4 27. Bf1 Qc6 28. Bd3 Nd6 29. Kg2 g6 30. Qb2 d4+ 31. f3 Qc3 32. Qxc3 dxc3 33. Bc2 Nc4 34. Kf2 Nxa3 35. Bb3 c2 36. Bxc2 Nxc2 37. b5 Nd4 0-1

[Event "Rostock SSC 07 op 15th"]
[Site "Rostock"]
[Date "2016.07.28"]
[Round "3"]
[White "Hopp, Peter"]
[Black "Schatz, Walter"]
[Result "0-1"]
[WhiteElo "1839"]
[BlackElo "2354"]
[PlyCount "48"]
[EventDate "2016.07.27"]
[EventType "swiss"]
[EventRounds "7"]
[EventCountry "GER"]
[SourceTitle "EXT 2017"]
[Source "ChessBase"]
[SourceDate "2016.10.25"]
[SourceVersion "1"]
[SourceVersionDate "2016.10.25"]
[SourceQuality "1"]

1. e4 c5 2. Nf3 Nc6 3. d4 cxd4 4. Nxd4 Nf6 5. Nc3 d6 6. Be2 e5 7. Nf3 h6 8. h3 Be7 9. Be3 Be6 10. Qd2 Qa5 11. 0-0 0-0 12. a3 Rfd8 13. Rfd1 Rd7 14. Qe1 Qd8 15. Nd2 d5 16. exd5 Nxd5 17. Nxd5 Bxd5 18. Bf3 Be6 19. Ne4 Nd4 20. Bxd4 exd4 21. Rd2 Qb6 22. b4 a5 23. c3 axb4 24. cxb4 d3 0-1

[Event "Mecklenburg VP LL2 West 1516"]
[Site "Mecklenburg VP"]
[Date "2015.10.11"]
[Round "2.6"]
[White "Hopp, Peter"]
[Black "Peter, Volkhard"]
[Result "1-0"]
[WhiteElo "1839"]
[BlackElo "1825"]
[PlyCount "121"]
[EventDate "2015.09.20"]
[EventType "team-tourn"]
[EventRounds "9"]
[EventCountry "GER"]
[SourceTitle "EXT 2022"]
[Source "ChessBase"]
[SourceDate "2021.10.06"]
[SourceVersion "1"]
[SourceVersionDate "2021.10.06"]
[SourceQuality "1"]
[WhiteTeam "Mecklenburger Springer SC"]
[BlackTeam "Schwerin SV Einheit"]
[WhiteTeamCountry "GER"]
[BlackTeamCountry "GER"]

1. e4 e5 2. Nf3 Nc6 3. Bc4 Nf6 4. Ng5 Bc5 5. Bxf7+ Ke7 6. Bb3 Qe8 7. d3 d6 8. Nc3 Bg4 9. Nd5+ Nxd5 10. Qxg4 Nf6 11. Qe6+ Kf8 12. Qxe8+ Kxe8 13. Ne6 Bb6 14. Nxg7+ Kd7 15. Be3 Nd4 16. Nf5 Ba5+ 17. c3 c5 18. Bxd4 exd4 19. Kd2 b5 20. a3 Rhf8 21. f3 Rab8 22. Kc2 Rfc8 23. Rac1 dxc3 24. bxc3 Rc7 25. c4 a6 26. g4 Rcb7 27. Rb1 Kc7 28. h4 b4 29. axb4 Bxb4 30. h5 Bd2 31. Kxd2 Rxb3 32. Rxb3 Rxb3 33. Kc2 Rb8 34. g5 Nd7 35. g6 Nf6 36. g7 Ng8 37. d4 Rb4 38. Kc3 a5 39. f4 Nf6 40. Ng3 a4 41. e5 Rb3+ 42. Kc2 Ng8 43. Ne4 dxe5 44. dxe5 Rf3 45. Nf6 Rf2+ 46. Kc3 Rf3+ 47. Kb2 Nh6 48. Rh4 Rb3+ 49. Ka2 Rb8 50. Rh2 Rb4 51. g8Q Nxg8 52. Nxg8 Rxc4 53. Nf6 h6 54. Rf2 Kc6 55. Ng8 Rc3 56. f5 Re3 57. f6 c4 58. f7 Rxe5 59. f8Q a3 60. Qf6+ Kb5 61. Qxe5+ 1-0